Aphididae of Formosa / (Record no. 207402)
[ view plain ]
| 000 -CABECERA | |
|---|---|
| campo de control de longitud fija | 00913nam a2200289Ia 4500 |
| 001 - NÚMERO DE CONTROL | |
| campo de control | Para_8591 |
| 003 - IDENTIFICADOR DEL NÚMERO DE CONTROL | |
| campo de control | CHAP |
| 008 - DATOS DE LONGITUD FIJA--INFORMACIÓN GENERAL | |
| campo de control de longitud fija | 220125s1923 xx 000 0 und d |
| 010 ## - NÚMERO DE CONTROL DE LA BIBLIOTECA DEL CONGRESO | |
| Número de control de LC | 207402 |
| 040 ## - FUENTE DE LA CATALOGACIÓN | |
| Centro/agencia transcriptor | CHAP |
| 082 ## - NÚMERO DE LA CLASIFICACIÓN DECIMAL DEWEY | |
| Número de clasificación | PA-C 595.752 A6 |
| 100 ## - ENTRADA PRINCIPAL--NOMBRE DE PERSONA | |
| Nombre de persona | Takahashi, Ryoichi |
| 9 (RLIN) | 111377 |
| 245 ## - MENCIÓN DE TÍTULO | |
| Título | Aphididae of Formosa / |
| Mención de responsabilidad, etc. | by Ryoichi Takahashi |
| 260 ## - PUBLICACIÓN, DISTRIBUCIÓN, ETC. | |
| Lugar de publicación, distribución, etc. | Formosa : |
| Nombre del editor, distribuidor, etc. | Institute Taihoku |
| 300 ## - DESCRIPCIÓN FÍSICA | |
| Extensión | 1 v. partes 2-6, 1923, 1924, 1925, 1931. |
| 440 ## - MENCIÓN DE SERIE/PUNTO DE ACCESO ADICIONAL--TÍTULO | |
| Título | Aphidae; 25 |
| 9 (RLIN) | 173999 |
| 500 ## - NOTA GENERAL | |
| Nota general | Encuadernado con otros impresos similares |
| 650 ## - PUNTO DE ACCESO ADICIONAL DE MATERIA--TÉRMINO DE MATERIA | |
| Término de materia o nombre geográfico como elemento de entrada | |
| Subdivisión general | Afididos |
| -- | Colecciones de escritos |
| -- | Afididos |
| -- | Identificación |
| -- | Afididos |
| -- | clasificación |
| 9 (RLIN) | 174000 |
| 710 ## - PUNTO DE ACCESO ADICIONAL--NOMBRE DE ENTIDAD CORPORATIVA | |
| Nombre de entidad corporativa o nombre de jurisdicción como elemento de entrada | Institute Taihoku (Japón) |
| 9 (RLIN) | 174001 |
| 901 ## - ELEMENTOS DE DATOS A LOCAL LDA (RLIN) | |
| a | PA-C 595.752 A6 |
| 902 ## - ELEMENTOS DE DATOS B LOCAL, LDB (RLIN) | |
| a | A |
| 905 ## - ELEMENTOS DE DATOS E LOCAL, LDE (RLIN) | |
| a | 0000001923 0000000000 00 |
| 910 ## - DATOS DE OPCIÓN DEL USUARIO (OCLC) | |
| Datos de opción del usuario | 1923 |
| 942 ## - ELEMENTOS DE PUNTO DE ACCESO ADICIONAL (KOHA) | |
| Tipo de ítem Koha | Parasitologia_ |
| 942 ## - ELEMENTOS DE PUNTO DE ACCESO ADICIONAL (KOHA) | |
| Tipo de ítem Koha | Parasitologia_ |
| -- | 1 |
| Estado de retiro | Estado de pérdida | Fuente del sistema de clasificación o colocación | Estado dañado | Restricciones de uso | No para préstamo | Código de colección | Localización permanente | Ubicación/localización actual | Ubicación en estantería | Fecha de adquisición | Información codificada de la localización en otra ubicación | Enumeración/cronología de publicación seriada | Total de préstamos | Código de barras | Fecha visto por última vez | Precio válido a partir de | Tipo de ítem Koha | Nota pública |
|---|---|---|---|---|---|---|---|---|---|---|---|---|---|---|---|---|---|---|
| Dewey Decimal Classification | Préstamo interno | Consulta | Parasitologia Agricola | Parasitologia Agricola | 27/10/2005 | PARA | Volumen: 25 | PA_8370 | 25/01/2022 | 25/01/2022 | Libro | 3 |
